Etats américains avec le plus d'exécutions (peine de mort) - Statistiques

Statistiques générales
  • Ce quiz a été pris 192 fois
  • Le résultat moyen est 11 sur 15
Statistiques - réponses
Nombre total d'exécutions depuis 40 ans Etat % Correct
537 Texas
99%
92 Floride
86%
57 Alabama
82%
21 Mississippi
78%
27 Arkansas
77%
66 Géorgie
76%
43 Caroline du Sud
75%
43 Caroline du Nord
73%
37 Arizona
70%
28 Louisiane
70%
111 Virginie
69%
87 Missouri
67%
112 Oklahoma
66%
53 Ohio
64%
20 Indiana
52%
Aucun quiz correspondant
Distribution des résultats
% des personnes avec chaque résultat
Percentile par nombre de réponses
Votre historique - résultats
Vous n’avez pas pris ce quiz